000
00300 a2200133 4500
020
_a
8122903185
090
_c
1215
_d
1215
100
_a
Davis Kingsley
245
_a
Human Society
260
_a
Delhi
_b
Surjeet Publications
_c
2007
300
_a
655 p.
500
_a
Paperbinding
942
_c
BK
_k
301 DAV
999
_c
88
_d
88